ბათუმის შოთა რუსთაველის სახელმწიფო უნივერსიტეტის ბიბლიოთეკა

ყაბუს-ნამე : (ბიბ.ჩანაწერი № 59181)

000 -ლიდერი
ფიქსირებული სიგრძის საკონტროლო ველი 01255nam a22002177a 4500
003 - საკონტროლო ნომრის იდენტიფიკატორი
საკონტროლო ველი Ge_BSU
005 - ბოლო ოპერაციის თარიღი და დრო
საკონტროლო ველი 20221202120242.0
008 - ფიქსირებული სიგრძის მონაცემთა ელემენტები - ზოგადი ინფორმაცია
ფიქსირებული სიგრძის საკონტროლო ველი 221202s1978ge xxu||||| |||| 00| 0 geo d
041 ## - ენის კოდი
Language code of text/sound track or separate title geo
080 ## - უნივერსალური ათობითი კლასიფიკაციის ინდექსი
Universal Decimal Classification number 821.222.1-32 ქ-12
100 ## - მთავარი ჩანაწერი - პიროვნების სახელი
Personal name ქეი-ქაუსი, ავტორი.
9 (RLIN) 16310
245 ## - ცნობა სათაურის შესახებ
Title ყაბუს-ნამე :
Remainder of title დარიგებათა წიგნი /
Statement of responsibility, etc ქეი-ქაუსი ; სპარსულიდან თარგმნა, წინასიტყვ. და შენიშვნები დაურთო ამირან ლომთაძემ ;
264 ## - წარმოების, გამოცემის, დისტრიბუციის და სხვა ცნობები
გამოცემის, წარმოების, დისტრიბუციის... ადგილი თბილისი :
გამოცემის, წარმოების, დისტრიბუციის... სახელწოდება მეცნიერება,
გამოცემის, წარმოების, დისტრიბუციის... თარიღი 1978.
300 ## - ფიზიკური აღწერა
Extent 205 გვ. ;
Other physical details 21 სმ.
501 ## - შენიშვნა თანმხლებ მასალაზე
With note შენიშვნები: გვ. 196-203.
653 ## - INDEX TERM--UNCONTROLLED
Uncontrolled term ყაბუს-ნამე
653 ## - INDEX TERM--UNCONTROLLED
Uncontrolled term დარიგებათა წიგნი
700 ## - ADDED ENTRY--PERSONAL NAME
Personal name ლომთაძე, ამირან
Relator term წინასიტყვაობა და შენიშვნები დაურთო
9 (RLIN) 16311
710 ## - ADDED ENTRY--CORPORATE NAME
Corporate name or jurisdiction name as entry element გ. წერეთლის სახელობის აღმოსავლეთმცოდნეობის ინსტიტუტი
9 (RLIN) 16313
942 ## - ADDED ENTRY ELEMENTS (KOHA)
Source of classification or shelving scheme
Koha item type წიგნი
ეგზემპლარები
ჩამოწერის სტატუსი დაკარგული ეგზემპლარის სტატუსი კლასიფიკაციის წყარო ან თაროზე გაწყობის სქემა დაზიანების სტატუსი არ გაიცემა მუდმივი მდებარეობა (დაცვის ადგილი) ამჟამინდელი ადგილსამყოფელი თაროზე განთავსების ადგილი შეძენის თარიღი ღირებულება, შესყიდვის ნორმალური ფასი სრული შენახვის შიფრი შტრიხკოდი ბოლო ოპერაციის თარიღი ეგზემპლარის მიმდევრობითი ნომერი (კეტერი?) ფასის ძალაში შესვლის თარიღი ეგზემპლარის სახეობა საჯარო შენიშვნა
          ბათუმის შოთა რუსთაველის სახელმწიფო უნივერსიტეტის მთავარი ბიბლიოთეკა ბათუმის შოთა რუსთაველის სახელმწიფო უნივერსიტეტის მთავარი ბიბლიოთეკა წიგნსაცავი 2022-12-02 6.00 821.222.1-32 ქ-12 63263 2022-12-02 63263 2022-12-02 წიგნი 6.00